[Event "ICS rated blitz match"]
[Site "204.178.125.65"]
[Date "2000.05.07"]
[Round "?"]
[White "Hossa"]
[Black "BoeserOnkel"]
[Result "0-1"]
[WhiteElo "2489"]
[BlackElo "2775"]
[PlyCount "62"]
[EventDate "2000.??.??"]

1. c4 Nf6 2. Nc3 e6 3. Nf3 d5 4. d4 Be7 5. Bf4 O-O 6. e3 c5 7. dxc5 Bxc5 8.
cxd5 Nxd5 9. Nxd5 exd5 10. Qd2 Nc6 11. O-O-O Be6 12. Bd3 Rc8 13. Kb1 h6 14. Rc1
Qb6 15. h3 Rfd8 16. g4 d4 17. Ka1 dxe3 18. Bxe3 Bxe3 19. fxe3 Bxa2 20. Rhf1 Bd5
21. Rc3 Bxf3 22. Rxf3 Nb4 23. g5 Qe6 24. b3 Rxd3 25. Rf6 Rxd2 26. Rxe6 Rxc3 27.
Re8+ Kh7 28. Rc8 Rxc8 29. g6+ fxg6 30. Kb1 Rcc2 31. Ka1 Rd1# {Hossa checkmated}
0-1

[Event "ICS rated standard match"]
[Site "204.178.125.65"]
[Date "2000.05.07"]
[Round "?"]
[White "Hossa"]
[Black "germanicus"]
[Result "1/2-1/2"]
[WhiteElo "2386"]
[BlackElo "2347"]
[PlyCount "169"]
[EventDate "2000.??.??"]

1. e4 e5 2. Nf3 Nf6 3. Nxe5 Qe7 4. d4 d6 5. Nf3 Nxe4 6. Be2 d5 7. O-O Nc6 8.
Nc3 Nxc3 9. bxc3 Qd6 10. c4 dxc4 11. d5 Ne7 12. Bxc4 Bg4 13. Bb5+ c6 14. dxc6
Nxc6 15. Re1+ Be6 16. Qxd6 Bxd6 17. Nd4 O-O-O 18. Bxc6 bxc6 19. Nxe6 fxe6 20.
Bb2 e5 21. Bxe5 Bxe5 22. Rxe5 Rd2 23. Re6 Rxc2 24. Re7 Rd8 25. Rxa7 Rdd2 26. a4
g6 27. Re1 h5 28. g4 Kd8 29. Rb1 Kc8 30. Ra8+ Kc7 31. Rf8 hxg4 32. Rb4 g3 33.
Rf7+ Kd6 34. hxg3 Kc5 35. Rg4 Rd6 36. Rff4 Kb6 37. Rb4+ Kc5 38. Rb3 Rf6 39. f3
Rd6 40. Rb1 Rdd2 41. Rh4 Rg2+ 42. Kh1 Rxg3 43. Rf1 Ra2 44. Rc1+ Kd5 45. Rhc4
Rxf3 46. Kg1 Rg3+ 47. Kf1 Rd3 48. Rc5+ Ke4 49. Rxc6 Rf3+ 50. Kg1 Rg3+ 51. Kf1
Rxa4 52. R6c4+ Rxc4 53. Rxc4+ Kf3 54. Rc3+ Kg4 55. Rc4+ Kh3 56. Rc6 g5 57. Rh6+
Kg4 58. Kf2 Rb3 59. Rg6 Rb2+ 60. Kg1 Kf4 61. Rf6+ Kg3 62. Rf1 g4 63. Re1 Kh3
64. Re3+ g3 65. Re1 Rd2 66. Rf1 Re2 67. Rd1 Rg2+ 68. Kh1 Rh2+ 69. Kg1 Rc2 70.
Rf1 Ra2 71. Rd1 Ra3 72. Re1 g2 73. Rd1 Rb3 74. Re1 Rd3 75. Rc1 Rf3 76. Rd1 Re3
77. Rc1 Kg3 78. Rb1 Kf3 79. Rc1 Rd3 80. Re1 Rc3 81. Rd1 Ra3 82. Re1 Rd3 83. Rc1
Ra3 84. Re1 Rd3 85. Rc1 1/2-1/2

[Event "ICS rated standard match"]
[Site "204.178.125.65"]
[Date "2000.05.07"]
[Round "?"]
[White "Shatar"]
[Black "Hossa"]
[Result "0-1"]
[WhiteElo "2216"]
[BlackElo "2384"]
[PlyCount "66"]
[EventDate "2000.??.??"]

1. d4 d5 2. c4 e6 3. cxd5 exd5 4. Nc3 Nf6 5. Bg5 Be7 6. e3 h6 7. Bh4 O-O 8. Bd3
Nc6 9. Nge2 Re8 10. O-O Nb4 11. Bb1 c6 12. f3 c5 13. Bf2 b6 14. a3 Nc6 15. Ng3
Ba6 16. Re1 cxd4 17. exd4 Bd6 18. b4 Bc4 19. Nf5 Bf4 20. Ba2 Rxe1+ 21. Qxe1 Qd7
22. Ne3 Bxa2 23. Rxa2 Nxd4 24. Nexd5 Nxf3+ 25. gxf3 Nxd5 26. Qd1 Rd8 27. Ne4
Rc8 28. Bd4 Rc1 29. Qxc1 Bxc1 30. Rg2 g6 31. h4 Bxa3 32. h5 Qa4 33. Kh2 Qd1 {
Shatar resigns} 0-1

[Event "ICS rated standard match"]
[Site "204.178.125.65"]
[Date "2000.05.07"]
[Round "?"]
[White "Hossa"]
[Black "NukeChess"]
[Result "1-0"]
[WhiteElo "2393"]
[BlackElo "2023"]
[PlyCount "49"]
[EventDate "2000.??.??"]

1. e4 c5 2. Nf3 d6 3. d4 cxd4 4. Nxd4 Nc6 5. Nc3 e6 6. Bb5 Bd7 7. Nf3 Be7 8.
O-O Nf6 9. Bf4 e5 10. Bg5 O-O 11. Bxf6 gxf6 12. Nh4 f5 13. Nxf5 Bxf5 14. Bxc6
Bg6 15. Ba4 f5 16. exf5 Rxf5 17. Qd5+ Kh8 18. Qxb7 Qf8 19. Bb3 Rd8 20. Nd5 Bh4
21. Qxa7 Rg5 22. Ne3 Be4 23. f3 Bxf3 24. Bd5 Rxg2+ 25. Nxg2 {NukeChess resigns}
1-0

[Event "ICS rated standard match"]
[Site "204.178.125.65"]
[Date "2000.05.07"]
[Round "?"]
[White "NukeChess"]
[Black "Hossa"]
[Result "0-1"]
[WhiteElo "2020"]
[BlackElo "2396"]
[PlyCount "62"]
[EventDate "2000.??.??"]

1. c4 e5 2. Nc3 Nf6 3. Nf3 Nc6 4. d4 exd4 5. Nxd4 Bb4 6. Nxc6 Bxc3+ 7. bxc3
bxc6 8. Bg5 c5 9. e3 Bb7 10. f3 h6 11. Bh4 g5 12. Bf2 g4 13. Bh4 gxf3 14. gxf3
Qe7 15. Qe2 Qe5 16. Kf2 Ng4+ 17. fxg4 Bxh1 18. Bg2 Bxg2 19. Kxg2 Qe4+ 20. Kg1
Rg8 21. h3 f5 22. Rf1 fxg4 23. Qf2 gxh3+ 24. Bg3 Qxc4 25. Kh2 O-O-O 26. Qf3
Qxa2+ 27. Rf2 Qb3 28. Kxh3 Kb8 29. c4 Rgf8 30. Bxc7+ Kxc7 31. Qg3+ Kc8 {
NukeChess resigns} 0-1

[Event "ICS rated standard match"]
[Site "204.178.125.65"]
[Date "2000.05.07"]
[Round "?"]
[White "Hossa"]
[Black "Shatar"]
[Result "1-0"]
[WhiteElo "2399"]
[BlackElo "2207"]
[PlyCount "91"]
[EventDate "2000.??.??"]

1. e4 c6 2. d4 d5 3. exd5 cxd5 4. c4 e6 5. Nc3 Nf6 6. Nf3 Nc6 7. c5 Be7 8. Bb5
O-O 9. O-O a6 10. Ba4 Bd7 11. Bf4 b5 12. Bc2 Nh5 13. Qd3 f5 14. Be5 Nb4 15. Qe2
Nxc2 16. Qxc2 Nf6 17. Bf4 Ne4 18. Ne2 Bf6 19. Be5 Be8 20. Rfe1 Bh5 21. Nf4 Bxf3
22. Nxe6 Qe8 23. Nxf8 Bxe5 24. gxf3 Bxh2+ 25. Kxh2 Qh5+ 26. Kg2 Ng5 27. Qxf5
Rxf8 28. Qxd5+ Kh8 29. Re3 Qh3+ 30. Kg1 h6 31. f4 Qg4+ 32. Qg2 Qxf4 33. Rd1 Rf6
34. d5 Rg6 35. Kf1 Kh7 36. b3 Rf6 37. Ke2 Qb4 38. c6 Qd6 39. Re8 Rf4 40. Rd3
Rf7 41. Qh1 Qa3 42. Qb1 Qc5 43. Rc3+ g6 44. Rxc5 Nf3 45. Qa1 g5 46. c7 {
Shatar resigns} 1-0

[Event "ICS rated blitz match"]
[Site "204.178.125.65"]
[Date "2000.05.07"]
[Round "?"]
[White "blunite"]
[Black "Hossa"]
[Result "0-1"]
[WhiteElo "2170"]
[BlackElo "2484"]
[PlyCount "64"]
[EventDate "2000.??.??"]

1. d4 d5 2. Nf3 Nf6 3. e3 e6 4. Bd3 c5 5. c3 Be7 6. Nbd2 Nc6 7. O-O O-O 8. a3
c4 9. Bc2 b5 10. e4 dxe4 11. Nxe4 Bb7 12. Re1 a5 13. Bd2 Qd7 14. Qe2 Nxe4 15.
Bxe4 Bd6 16. Rad1 Qc7 17. h3 Ne7 18. Bb1 Bxf3 19. Qxf3 Bh2+ 20. Kh1 Bd6 21. Qe4
Ng6 22. g3 Rfd8 23. Kh2 Qd7 24. Bg5 Be7 25. Bxe7 Qxe7 26. f4 Nf8 27. f5 Ra6 28.
d5 Rad6 29. fxe6 fxe6 30. Rd4 Qf7 31. dxe6 Qf2+ 32. Kh1 Rxe6 {blunite resigns}
0-1

[Event "ICS rated standard match"]
[Site "204.178.125.65"]
[Date "2000.05.07"]
[Round "?"]
[White "jiosef"]
[Black "Hossa"]
[Result "0-1"]
[WhiteElo "2200"]
[BlackElo "2407"]
[PlyCount "48"]
[EventDate "2000.??.??"]

1. c4 Nf6 2. Nf3 b6 3. d4 d6 4. a3 Nbd7 5. e3 e5 6. Nc3 Be7 7. Bd3 Bb7 8. d5 c6
9. e4 Nc5 10. Bc2 cxd5 11. cxd5 a5 12. O-O O-O 13. Be3 Ba6 14. Bxc5 bxc5 15.
Re1 Rb8 16. Na4 Qc7 17. Nd2 c4 18. Qf3 Rb7 19. b3 cxb3 20. Bxb3 Rc8 21. Rec1
Qxc1+ 22. Rxc1 Rxc1+ 23. Bd1 Bd3 24. Qxd3 Rxd1+ {jiosef resigns} 0-1

[Event "ICS rated blitz match"]
[Site "204.178.125.65"]
[Date "2000.05.07"]
[Round "?"]
[White "Hossa"]
[Black "cfd"]
[Result "1-0"]
[WhiteElo "2489"]
[BlackElo "2212"]
[PlyCount "97"]
[EventDate "2000.??.??"]

1. e4 d6 2. d4 e5 3. Nf3 Nd7 4. Nc3 Be7 5. Bb5 c6 6. Be2 Ngf6 7. O-O O-O 8.
dxe5 dxe5 9. a3 Qc7 10. Bd2 Nc5 11. Ng5 h6 12. b4 hxg5 13. bxc5 Nd7 14. Qc1
Nxc5 15. Bxg5 Bxg5 16. Qxg5 Be6 17. Rad1 Rfd8 18. Qh5 b5 19. Qg5 f6 20. Qe3 Qb6
21. Bh5 Bf7 22. Bxf7+ Kxf7 23. Rxd8 Rxd8 24. g3 Ne6 25. Qc1 Qc5 26. Qb2 Qc4 27.
Qb4 Rd4 28. Qa5 Qc5 29. Re1 Qb6 30. Qxb6 axb6 31. Na2 Ra4 32. Nb4 Rxa3 33. Nxc6
Rc3 34. Nb4 Rc4 35. Rb1 Nd4 36. Kg2 Nxc2 37. Nxc2 Rxc2 38. Rxb5 Rc6 39. h4 Ke6
40. g4 Kd7 41. g5 Kc7 42. gxf6 gxf6 43. h5 Re6 44. Rb2 Kc6 45. Kg3 b5 46. Kg4
Re7 47. Kf5 Rh7 48. Kg6 Rh8 49. h6 {cfd resigns} 1-0

[Event "ICS Rated blitz match"]
[Site "204.178.125.65"]
[Date "2000.05.07"]
[Round "?"]
[White "cfd"]
[Black "Hossa"]
[Result "0-1"]
[WhiteElo "2207"]
[BlackElo "2494"]
[PlyCount "64"]
[EventDate "2000.??.??"]

1. d4 d5 2. e3 Nf6 3. Bd3 e6 4. Nd2 Bd6 5. f4 c5 6. c3 cxd4 7. cxd4 Nc6 8. a3
Bd7 9. Ngf3 Ng4 10. Qe2 f6 11. O-O O-O 12. h3 Nh6 13. b4 Qc7 14. Bb2 e5 15.
fxe5 fxe5 16. dxe5 Nxe5 17. Rac1 Nxf3+ 18. Nxf3 Qd8 19. e4 Bf4 20. Rc2 Ba4 21.
Rc5 a5 22. Rxd5 Qc7 23. b5 Bb3 24. Rh5 Bf7 25. Rh4 Rae8 26. Qc2 Qxc2 27. Bxc2
Bg3 28. Rxh6 gxh6 29. Nd4 Be5 30. Ba1 Rc8 31. Bd1 Rc1 32. Bf3 Rxa1 {cfd resigns
} 0-1

[Event "ICS Rated standard match"]
[Site "204.178.125.65"]
[Date "2000.05.07"]
[Round "?"]
[White "Hossa"]
[Black "Gregorio"]
[Result "0-1"]
[WhiteElo "2407"]
[BlackElo "2589"]
[PlyCount "134"]
[EventDate "2000.??.??"]

1. e4 e5 2. Nf3 Nc6 3. Nc3 Nf6 4. Nxe5 Nxe5 5. d4 Nc6 6. d5 Nb8 7. e5 Ng8 8. d6
cxd6 9. exd6 Qa5 10. Bf4 Qb4 11. Qd2 Nc6 12. Qe3+ Kd8 13. O-O-O Qb6 14. Qxb6+
axb6 15. Be3 f6 16. Bxb6+ Ke8 17. Bc4 g6 18. Rde1+ Ne5 19. Nd5 Bh6+ 20. Kb1 Kf8
21. Bb5 Ra6 22. Re4 Nc6 23. Bxa6 bxa6 24. Ra4 f5 25. Nc7 Nf6 26. Nxa6 Bxa6 27.
Rxa6 Kf7 28. f3 Re8 29. Bc5 Re2 30. g3 Ke6 31. Ra3 Ne5 32. h4 Nh5 33. g4 fxg4
34. fxg4 Nxg4 35. Ra6 Ng3 36. Rg1 Be3 37. Bxe3 Nxe3 38. Ra8 Kxd6 39. Re8 Ngf5
40. Rh8 Nxh4 41. Rxh7 g5 42. a4 Nf3 43. Rc1 g4 44. Rh6+ Kc7 45. Rg6 Nd4 46. Rg5
Ndxc2 47. a5 Kb7 48. Rg6 Ka7 49. Rd6 g3 50. Rxd7+ Ka6 51. Rg7 g2 52. Rg5 Nb4
53. b3 Nbd5 54. Rg8 Kxa5 55. Ka1 Nc2+ 56. Kb1 Nde3 57. Kb2 Nb4+ 58. Kb1 Nd3 59.
Ra8+ Kb4 60. Rb8+ Ka3 61. Ra8+ Kxb3 62. Rac8 Nxc1 63. Rb8+ Kc3 64. Rg8 Nd3 65.
Rc8+ Nc4 66. Rg8 Re1+ 67. Ka2 Nb4# {Hossa checkmated} 0-1

[Event "ICS rated standard match"]
[Site "204.178.125.65"]
[Date "2000.05.07"]
[Round "?"]
[White "bookbuilder"]
[Black "Hossa"]
[Result "1-0"]
[WhiteElo "2523"]
[BlackElo "2399"]
[PlyCount "109"]
[EventDate "2000.??.??"]

1. e4 e5 2. Nf3 Nc6 3. Bc4 Bc5 4. O-O d6 5. c3 Qf6 6. d3 Bg4 7. Nbd2 Bb6 8. b4
Nge7 9. Qe1 a6 10. Bb3 Nc8 11. h3 Bh5 12. Qe2 O-O 13. g4 Bg6 14. Nc4 Qd8 15.
Bg5 Qd7 16. Nh4 Ba7 17. Nxg6 hxg6 18. Qf3 Nb6 19. a4 Nxc4 20. Bxc4 a5 21. b5
Nd8 22. Bd2 Ne6 23. h4 Qd8 24. Qh1 Qf6 25. g5 Qe7 26. Bd5 Rab8 27. h5 c6 28.
hxg6 fxg6 29. Bc4 Rf7 30. Qh3 d5 31. exd5 Nxg5 32. Bxg5 Qxg5+ 33. Qg2 Qxg2+ 34.
Kxg2 cxb5 35. axb5 Rf4 36. d6+ Kf8 37. Rh1 Rxf2+ 38. Kg3 Ke8 39. b6 Bxb6 40.
Rh8+ Kd7 41. Rxb8 Rf5 42. Rxb7+ Kc6 43. Bd5+ Kc5 44. Be4 Rf6 45. d4+ exd4 46.
cxd4+ Kxd4 47. Rxb6 Rf7 48. Rb7 Rf8 49. Rd1+ Kc3 50. Rc7+ Kb2 51. Rb1+ Ka2 52.
Rc4 Ka3 53. Bc2 Rf4 54. Rxf4 a4 55. Rxa4# {Hossa checkmated} 1-0

[Event "ICS rated standard match"]
[Site "204.178.125.65"]
[Date "2000.05.07"]
[Round "?"]
[White "Hossa"]
[Black "bookbuilder"]
[Result "0-1"]
[WhiteElo "2388"]
[BlackElo "2534"]
[PlyCount "116"]
[EventDate "2000.??.??"]

1. e4 e6 2. d4 d5 3. Nc3 Bb4 4. e5 c5 5. a3 Ba5 6. b4 cxb4 7. Nb5 Nc6 8. Nd6+
Kf8 9. Ne2 f6 10. axb4 Bxb4+ 11. c3 Bxd6 12. exd6 Nh6 13. Bxh6 gxh6 14. Qd2 Kg7
15. Nf4 Qxd6 16. Nh5+ Kg6 17. Bd3+ f5 18. Nf4+ Kf7 19. O-O Rg8 20. Be2 a5 21.
Bh5+ Kf8 22. Qe3 Rg5 23. Rfe1 Nd8 24. Qd2 a4 25. h4 Rg8 26. Qe3 Ra5 27. Nd3 Kg7
28. Ne5 Qe7 29. Qf4 Kh8 30. Re3 Qf8 31. Ra2 b5 32. Ra1 Bb7 33. Rb1 a3 34. Rg3
Rxg3 35. fxg3 Ra8 36. Qe3 Kg8 37. g4 b4 38. gxf5 a2 39. Ra1 Qxf5 40. Qg3+ Kh8
41. Qe1 Qxh5 42. g4 Qe8 43. cxb4 Nc6 44. Nxc6 Bxc6 45. Qe5+ Kg8 46. Qd6 Bb5 47.
h5 Be2 48. Qh2 Qb5 49. g5 Qxb4 50. Qe5 Bg4 51. gxh6 Qb1+ 52. Qe1 Rb8 53. Kh2
Qc2+ 54. Qe2 Qxe2+ 55. Kg3 Rb3+ 56. Kh4 Qf2+ 57. Kg5 Qf5+ 58. Kh4 Qxh5# {
Hossa checkmated} 0-1

[Event "ICS rated blitz match"]
[Site "204.178.125.65"]
[Date "2000.05.07"]
[Round "?"]
[White "cfd"]
[Black "Hossa"]
[Result "0-1"]
[WhiteElo "2332"]
[BlackElo "2499"]
[PlyCount "71"]
[EventDate "2000.??.??"]

1. d4 d5 2. e3 Nf6 3. Bd3 e6 4. Nd2 Bd6 5. f4 c5 6. c3 cxd4 7. cxd4 Nc6 8. a3
Bd7 9. Ngf3 Ng4 10. Qe2 f6 11. O-O O-O 12. h3 Nh6 13. b4 Qc7 14. Bb2 e5 15.
fxe5 fxe5 16. dxe5 Nxe5 17. Rac1 Nxf3+ 18. Nxf3 Qd8 19. Bd4 Nf5 20. Qb2 Nxd4
21. exd4 Bf4 22. Rce1 Ba4 23. Qb1 g6 24. Ne5 Qb6 25. Nf3 Bg3 26. Re7 Qd6 27.
Rxb7 Bc6 28. Ba6 Bxb7 29. Bxb7 Rab8 30. Bxd5+ Qxd5 31. Qd3 Rbe8 32. Rc1 Qa2 33.
Qc4+ Qxc4 34. Rxc4 Re3 35. a4 Ra3 36. a5 {cfd resigns} 0-1

[Event "ICS Rated blitz match"]
[Site "204.178.125.65"]
[Date "2000.05.07"]
[Round "?"]
[White "Hossa"]
[Black "PostModernist"]
[Result "0-1"]
[WhiteElo "2508"]
[BlackElo "2631"]
[PlyCount "180"]
[EventDate "2000.??.??"]

1. e4 c6 2. d4 d5 3. Nc3 dxe4 4. Nxe4 Bf5 5. Ng3 Bg6 6. h4 h6 7. Nf3 Nf6 8. Ne5
Bh7 9. Bc4 e6 10. Be3 Bd6 11. Bb3 Bxe5 12. dxe5 Qa5+ 13. Qd2 Qxe5 14. O-O-O O-O
15. Bd4 Qd6 16. Bxf6 Qxd2+ 17. Rxd2 gxf6 18. Nh5 f5 19. Rhd1 Na6 20. Bc4 b5 21.
Nf6+ Kg7 22. Nh5+ Kh8 23. Be2 Nb4 24. c3 Nd5 25. c4 bxc4 26. Bxc4 Bg6 27. Ng3
f4 28. Nf1 Rfd8 29. Nh2 Kg7 30. Rd4 f6 31. Nf3 e5 32. R4d2 Rab8 33. Ng1 a5 34.
Ne2 Bh5 35. f3 Bf7 36. g3 fxg3 37. Nxg3 Be6 38. Ne4 Kf7 39. Nc5 Ke7 40. Na6 Rb6
41. Nc5 Bf7 42. Nb3 Bh5 43. Rd3 Bg6 44. R3d2 a4 45. Rg1 Bf7 46. Nc5 Rb4 47. b3
axb3 48. axb3 Ra8 49. Rg7 Ra5 50. Nd3 Rb7 51. b4 Ra1+ 52. Kb2 Rh1 53. b5 Rxh4
54. Nc5 Rb8 55. Kb3 Rf4 56. Rd3 Rxc4 57. Rxf7+ Kxf7 58. Kxc4 Nb6+ 59. Kb4 Nc8
60. Rd7+ Ne7 61. Rb7 Rxb7 62. Nxb7 cxb5 63. Nd6+ Kg6 64. Nxb5 Nf5 65. Nc7 Nd4
66. f4 exf4 67. Nd5 f3 68. Kc4 f2 69. Ne3 Nf5 70. Nf1 Kg5 71. Kd3 Kg4 72. Nd2
Ng3 73. Kd4 f1=Q 74. Nxf1 Nxf1 75. Kd3 Kf3 76. Kd4 h5 77. Kc5 h4 78. Kc4 Ne3+
79. Kc5 h3 80. Kd6 f5 81. Ke5 h2 82. Ke6 h1=Q 83. Ke5 Qh8+ 84. Kd6 Qd8+ 85. Kc5
Qc7+ 86. Kb5 Nd5 87. Ka4 Qc4+ 88. Ka3 Qb4+ 89. Ka2 Nc3+ 90. Ka1 Qb1# {
Hossa checkmated} 0-1

[Event "ICS rated blitz match"]
[Site "204.178.125.65"]
[Date "2000.05.07"]
[Round "?"]
[White "Hossa"]
[Black "PostModernist"]
[Result "0-1"]
[WhiteElo "2497"]
[BlackElo "2646"]
[PlyCount "108"]
[EventDate "2000.??.??"]

1. e4 c5 2. Nc3 Nc6 3. f4 e6 4. Nf3 a6 5. d4 cxd4 6. Nxd4 Qc7 7. Be3 b5 8. Nxc6
Qxc6 9. Qd3 Bb4 10. e5 Bxc3+ 11. bxc3 Bb7 12. Rb1 Ne7 13. Rd1 Rc8 14. c4 bxc4
15. Qd2 Nf5 16. Ba7 Qe4+ 17. Kf2 O-O 18. Qc1 Ra8 19. Bc5 Rfc8 20. Bb6 c3 21. a3
Qc6 22. Qb1 Nh4 23. Rd6 Qa4 24. Be3 Bd5 25. Rb6 Qe4 26. Rb4 Qg6 27. Rg1 Be4 28.
Qa2 a5 29. Rb6 Nf5 30. Bd3 Bxd3 31. cxd3 c2 32. Qa1 Qh5 33. Rh1 Qh4+ 34. Kf3 d6
35. Rxd6 Nxd6 36. exd6 Qh5+ 37. Kf2 Qd5 38. d4 Qxd6 39. g3 Rab8 40. Rc1 Rb3 41.
Bd2 Qa6 42. Re1 Qd3 43. Bc1 Qf3+ 44. Kg1 Qd1 45. Bb2 Qxa1 46. Rxa1 Rxb2 47. Rc1
Rb1 48. Rf1 Rxf1+ 49. Kg2 c1=Q 50. Kh3 Rf2 51. d5 Qf1+ 52. Kg4 Qd1+ 53. Kg5 h6+
54. Kh4 Rxh2# {Hossa checkmated} 0-1

[Event "ICS Rated standard match"]
[Site "204.178.125.65"]
[Date "2000.05.07"]
[Round "?"]
[White "Hossa"]
[Black "mareucrisjabru"]
[Result "1-0"]
[WhiteElo "2378"]
[BlackElo "2031"]
[PlyCount "63"]
[EventDate "2000.??.??"]

1. e4 c5 2. Nf3 d6 3. d4 cxd4 4. Nxd4 Nf6 5. Nc3 g6 6. Be3 Bg7 7. f3 O-O 8. Qd2
Nc6 9. Bc4 Nd7 10. Nxc6 bxc6 11. O-O Ne5 12. Bb3 Ba6 13. Rf2 Nc4 14. Bxc4 Bxc4
15. Rd1 Re8 16. Bd4 Bxd4 17. Qxd4 Be6 18. b3 Qb6 19. Qd2 Qa5 20. f4 Rad8 21. f5
Bc8 22. fxg6 hxg6 23. Qe3 Qh5 24. Qxa7 Kg7 25. Rdf1 Be6 26. Qe3 Rh8 27. h3 Rh7
28. Ne2 Qe5 29. Nd4 Bd5 30. Rf4 f6 31. Re1 Bf7 32. Nxc6 1-0

[Event "ICS rated blitz match"]
[Site "204.178.125.65"]
[Date "2000.05.07"]
[Round "?"]
[White "Hossa"]
[Black "HaraldLdahl"]
[Result "1-0"]
[WhiteElo "2487"]
[BlackElo "2174"]
[PlyCount "95"]
[EventDate "2000.??.??"]

1. e4 Nf6 2. e5 Nd5 3. d4 d6 4. c4 Nb6 5. f4 dxe5 6. fxe5 c5 7. d5 e6 8. Nc3
exd5 9. cxd5 c4 10. Nf3 Bg4 11. Qd4 Bxf3 12. gxf3 Bb4 13. e6 Qf6 14. exf7+ Kxf7
15. Qxf6+ gxf6 16. Bh6 Re8+ 17. Kf2 N8d7 18. Be3 Ne5 19. Rd1 Rad8 20. Rg1 Bxc3
21. Bxb6 axb6 22. bxc3 Ra8 23. Rd2 Ra4 24. Be2 Rea8 25. Rb1 Rxa2 26. Rxa2 Rxa2
27. Rxb6 Nd3+ 28. Ke3 Ke7 29. Rxb7+ Kd6 30. Bxd3 cxd3 31. Rxh7 Kxd5 32. Kxd3
Rf2 33. c4+ Kc5 34. Rh5+ Kc6 35. Rf5 Rxh2 36. Rxf6+ Kc5 37. Rf5+ Kc6 38. Rf7
Rh1 39. Rg7 Rd1+ 40. Ke4 Rc1 41. f4 Rxc4+ 42. Ke5 Rc1 43. f5 Re1+ 44. Kf6 Kd6
45. Kf7 Kd7 46. Kg8+ Ke8 47. f6 Rf1 48. f7+ {HaraldLdahl resigns} 1-0

[Event "ICS Rated standard match"]
[Site "204.178.125.65"]
[Date "2000.05.07"]
[Round "?"]
[White "Ugo-Prete"]
[Black "Hossa"]
[Result "1-0"]
[WhiteElo "2522"]
[BlackElo "2378"]
[PlyCount "115"]
[EventDate "2000.??.??"]

1. e4 e5 2. Nf3 Nc6 3. Bb5 a6 4. Ba4 Nf6 5. O-O Be7 6. Re1 b5 7. Bb3 O-O 8. c3
d6 9. h3 Na5 10. Bc2 c5 11. d4 Qc7 12. Nbd2 cxd4 13. cxd4 Bd7 14. Nf1 Rac8 15.
Ne3 Nc6 16. d5 Nb4 17. Bb1 a5 18. a3 Na6 19. b4 Qb7 20. Bd2 a4 21. Bd3 Rfd8 22.
Nh4 Bf8 23. Qf3 Be7 24. Nef5 Kf8 25. Rac1 Rxc1 26. Rxc1 Ng8 27. Qg3 g6 28. Nxe7
Kxe7 29. Nf3 f6 30. Qh4 h5 31. Qg3 Kf7 32. Ne1 Rc8 33. Rxc8 Qxc8 34. f4 Ne7 35.
Be2 Qh8 36. fxe5 dxe5 37. Nd3 Ke8 38. Qf2 f5 39. Qb6 fxe4 40. Nf2 e3 41. Bxe3
Kf7 42. Qxa6 Qb8 43. Bf3 Bc8 44. Qa5 Nf5 45. Ba7 Qb7 46. Ne4 Kg7 47. Bc5 Qd7
48. Qb6 Qe8 49. Qc7+ Bd7 50. Be2 Qc8 51. Qxe5+ Kh7 52. g4 hxg4 53. hxg4 Ng7 54.
Nf6+ Kh8 55. Qg5 Nf5 56. Qxg6 Qxc5+ 57. bxc5 Nd4 58. Qh7# {Hossa checkmated}
1-0

[Event "ICS rated standard match"]
[Site "204.178.125.65"]
[Date "2000.05.07"]
[Round "?"]
[White "Hossa"]
[Black "panoyotis"]
[Result "1-0"]
[WhiteElo "2377"]
[BlackElo "2100"]
[PlyCount "72"]
[EventDate "2000.??.??"]

1. e4 c5 2. Nf3 e6 3. d4 cxd4 4. Nxd4 a6 5. Nc3 b5 6. Bd3 Qc7 7. O-O Nf6 8. a4
b4 9. Nce2 Ng4 10. Ng3 h5 11. h3 Bc5 12. c3 Ne5 13. Be2 h4 14. Nh5 g6 15. Nf6+
Kf8 16. cxb4 Bxb4 17. Bg5 Nbc6 18. Qc1 Kg7 19. Bh6+ Rxh6 20. Nxe6+ dxe6 21.
Ne8+ Kf8 22. Nxc7 g5 23. Nxa8 Bb7 24. Nc7 Nd4 25. Qd1 Bc5 26. Nxa6 Ba7 27. Bd3
Rg6 28. Nc7 g4 29. hxg4 Rxg4 30. Kh2 Bb8 31. Rc1 Rg7 32. Kh3 Ng6 33. Qd2 Nc6
34. Rxc6 Bxc6 35. Qb4+ Kg8 36. Qxb8+ Kh7 {panoyotis resigns} 1-0

[Event "ICS rated standard match"]
[Site "204.178.125.65"]
[Date "2000.05.07"]
[Round "?"]
[White "PostModernist"]
[Black "Hossa"]
[Result "1-0"]
[WhiteElo "2377"]
[BlackElo "2377"]
[PlyCount "133"]
[EventDate "2000.??.??"]

1. d4 d5 2. Nf3 Nf6 3. e3 e6 4. Bd3 c5 5. c3 Be7 6. Nbd2 Nc6 7. O-O O-O 8. Qe2
Bd6 9. b3 e5 10. dxe5 Nxe5 11. Nxe5 Bxe5 12. Bb2 Re8 13. Nf3 Bg4 14. h3 Bxf3
15. Qxf3 Qd6 16. Rfd1 Rab8 17. Bc4 Rbd8 18. Bxd5 Nxd5 19. e4 Bh2+ 20. Kh1 Qg6
21. Kxh2 Nc7 22. Qg3 Qxg3+ 23. Kxg3 h5 24. c4 Rxd1 25. Rxd1 Rxe4 26. Rd8+ Ne8
27. Ra8 a6 28. Rb8 Re6 29. Rxb7 Nd6 30. Rb8+ Kh7 31. Ba3 Ne4+ 32. Kh2 Nxf2 33.
Bxc5 Ne4 34. Bb4 g5 35. c5 g4 36. hxg4 hxg4 37. Rb6 Nf6 38. Rxe6 fxe6 39. c6
Nd5 40. Kg3 Kg6 41. Kxg4 e5 42. Ba5 Ne7 43. c7 Kf6 44. a4 Ke6 45. b4 Kd7 46. b5
axb5 47. axb5 Nc8 48. b6 Nd6 49. Bb4 Nc4 50. Bc5 Nb2 51. Kf5 Na4 52. Bg1 Nb2
53. g4 Nc4 54. g5 e4 55. Kxe4 Nd6+ 56. Ke5 Nb5 57. g6 Nd6 58. g7 Nf7+ 59. Kd5
Nh6 60. Bh2 Ng8 61. b7 Ne7+ 62. Ke4 Ke6 63. c8=Q+ Kf6 64. b8=Q Nxc8 65. g8=Q
Ke7 66. Qc7+ Kf6 67. Be5# {Hossa checkmated} 1-0

[Event "ICS rated blitz match"]
[Site "204.178.125.65"]
[Date "2000.05.07"]
[Round "?"]
[White "QueenMaxima"]
[Black "Hossa"]
[Result "1-0"]
[WhiteElo "2466"]
[BlackElo "2507"]
[PlyCount "63"]
[EventDate "2000.??.??"]

1. d4 Nf6 2. c4 e6 3. Nc3 Bb4 4. Qc2 O-O 5. a3 Bxc3+ 6. Qxc3 d5 7. Bg5 h6 8.
Bh4 g5 9. Bg3 Nc6 10. e3 Ne4 11. Qd3 h5 12. f3 Nxg3 13. hxg3 dxc4 14. Qc2 h4
15. gxh4 gxh4 16. Qf2 b5 17. a4 Qe7 18. axb5 Qb4+ 19. Kd1 Qb3+ 20. Kc1 Nb4 21.
Ra3 Na2+ 22. Rxa2 Qxa2 23. Qxh4 Qa1+ 24. Kc2 Qa4+ 25. Kd2 Qb4+ 26. Kc1 Qe1+ 27.
Qxe1 f5 28. Qg3+ Kf7 29. Rh7+ Ke8 30. Qg7 Rf7 31. Qxf7+ Kd8 32. Rh8# {
Hossa checkmated} 1-0

[Event "ICS rated blitz match"]
[Site "204.178.125.65"]
[Date "2000.05.07"]
[Round "?"]
[White "Hossa"]
[Black "MYYAH"]
[Result "1-0"]
[WhiteElo "2489"]
[BlackElo "1960"]
[PlyCount "32"]
[EventDate "2000.??.??"]

1. e4 c5 2. Nf3 d6 3. d4 cxd4 4. Nxd4 Nf6 5. Nc3 g6 6. Be3 Bg7 7. f3 O-O 8. Qd2
a6 9. Bd3 Nc6 10. O-O Kh8 11. Rfd1 Qa5 12. Nb3 Qh5 13. Bg5 Ne5 14. Bf1 Be6 15.
Nd4 Bh3 16. gxh3 Qxh3 1-0

[Event "ICS rated blitz match"]
[Site "204.178.125.65"]
[Date "2000.05.07"]
[Round "?"]
[White "MYYAH"]
[Black "Hossa"]
[Result "0-1"]
[WhiteElo "1959"]
[BlackElo "2490"]
[PlyCount "44"]
[EventDate "2000.??.??"]

1. e4 e5 2. Nf3 Nc6 3. Bc4 Bc5 4. O-O d6 5. h3 Nf6 6. d3 Na5 7. Nbd2 O-O 8. a3
Nxc4 9. Nxc4 b5 10. Ne3 a5 11. Nh2 Bb7 12. Kh1 d5 13. f3 Qd7 14. Nf5 Qe6 15.
Qe1 Rfd8 16. Qg3 g6 17. Ng4 Nxg4 18. Qxg4 Kh8 19. Nh6 Rf8 20. Qxe6 fxe6 21. f4
dxe4 22. fxe5 Rxf1+ 0-1

[Event "ICS rated blitz match"]
[Site "204.178.125.65"]
[Date "2000.05.07"]
[Round "?"]
[White "Hossa"]
[Black "MYYAH"]
[Result "1-0"]
[WhiteElo "2491"]
[BlackElo "1958"]
[PlyCount "43"]
[EventDate "2000.??.??"]

1. e4 b6 2. d4 Bb7 3. Bd3 e6 4. Nf3 d5 5. exd5 exd5 6. O-O Bd6 7. Nc3 Ne7 8.
Re1 O-O 9. Nb5 c6 10. Nxd6 Qxd6 11. Bg5 Ng6 12. Bxg6 Qxg6 13. Be7 Re8 14. Nh4
Qh6 15. Nf5 Qf4 16. Nd6 Rxe7 17. Rxe7 Qxd6 18. Re8+ Qf8 19. Rxf8+ Kxf8 20. Qe2
Nd7 21. Re1 Bc8 22. Qe8# {MYYAH checkmated} 1-0

[Event "ICS rated standard match"]
[Site "204.178.125.65"]
[Date "2000.05.07"]
[Round "?"]
[White "Hossa"]
[Black "solus"]
[Result "1-0"]
[WhiteElo "2361"]
[BlackElo "2127"]
[PlyCount "48"]
[EventDate "2000.??.??"]

1. e4 e6 2. d4 d5 3. Nc3 Bb4 4. e5 c5 5. a3 Bxc3+ 6. bxc3 Ne7 7. Qg4 Qc7 8.
Qxg7 Rg8 9. Qxh7 Nbc6 10. Be3 Qa5 11. Bd2 Qb6 12. Rd1 cxd4 13. Nf3 dxc3 14.
Bxc3 Bd7 15. g3 O-O-O 16. Be2 Nf5 17. Qxf7 Rdf8 18. Qh5 Be8 19. Qh3 d4 20. g4
dxc3 21. gxf5 Rxf5 22. Bd3 Rxf3 23. Qxf3 Nxe5 24. Qf6 Bc6 {solus resigns} 1-0